000 00584nam a2200241Ia 4500
008 210210b2014 xxu||||| |||| 00| 0 eng d
041 _aeng
082 _a001.6424C REDS
100 _aREDDY (A M Padma)
245 _aSystematic approach to C programming and data structures
260 _aBangalore
_bSri Nandi Publications
_c2014
300 _a695
650 _ato
650 _aSystematic
650 _astructures
650 _aprogramming
650 _adata
650 _aC
650 _aapproach
650 _aand
690 _aComputer Science
906 _a068970
999 _c153063
_d153063